| 000 | 01426cam a22003257i 4500 | ||
|---|---|---|---|
| 999 |
_c330197 _d330197 |
||
| 001 | 17323365 | ||
| 003 | NUST | ||
| 005 | 20170613122429.0 | ||
| 008 | 120530s2010 pk 000 0 urd | ||
| 010 | _a 2012431020 | ||
| 025 | _aP-U-2012431020; 10 | ||
| 040 |
_aDLC _cDLC |
||
| 042 | _alcode | ||
| 050 | 0 | 0 | _aMLCMA 2012/00001 (P) |
| 066 |
_c(3 _c(4 |
||
| 082 |
_a891.4393 _bAHM |
||
| 100 | 1 |
_6880-01 _aAḥmad, ʻUmairah, _d1976- _9738 |
|
| 245 | 1 | 0 |
_6880-02 _aMain̲ ne k̲h̲vābon̲ kā shajar dekhā hai / _cʻUmairah Aḥmad. |
| 246 | 1 |
_iTitle on t.p. verso: _aMain ne khabon ka shajar dekha hai |
|
| 250 |
_6880-03 _aTarmīm va iz̤āfah shudah aiḍīshan |
||
| 260 |
_6880-04 _aLāhore : _bʻIlm o ʻIrfān Pablisharz : _bMilne [kā ptah], Kitāb Ghar, _c2010. |
||
| 300 |
_a208 p. ; _c24 cm. |
||
| 500 | _aNovel. | ||
| 500 | _aIn Urdu. | ||
| 880 | 1 |
_6100-01/(3/r _aاحمد، عميره، _d1976- |
|
| 880 | 1 | 0 |
_6245-02/(3/r _aميں نے خوابوں کا شجر ديکھا هے / _cعميره احمد. |
| 880 |
_6250-03/(3/r _aترميم و اضافه شده ايڈيشن |
||
| 880 |
_6260-04/(3/r _aلاهور : _bعلم و عرفان پبلشرز : _bملنے [کا پته]، کتاب گھر، _c2010. |
||
| 906 |
_a7 _bcbc _corigode _d4 _encip _f20 _gy-nonroman |
||
| 942 |
_2ddc _cBK |
||